000 00552nam a2200181Ia 4500
003 GCL
008 140319s9999 xx 000 0 ara d
040 _aGCL /
_cGCL
082 0 4 _a896
_bا ص
100 1 _aهدى حبيشة
245 1 0 _aصبى المنجم /
_cهدى حبيشة
700 1 _aابراهامز، بيتر
300 _a287 ص
490 _aالهيئة العامة للاستعلامات
_v0
650 0 4 _aالادب الافريقى المترجم
650 0 4 _aالقصص الافريقية المترجمة
942 _2ddc
_cBK
999 _c44722
_d44722